NFL Postseason Records Quiz - Statistics

General Stats
  • This quiz has been taken 445 times
  • The average score is 17 of 30
Answer Stats
Team Records When? Answer % Correct
Most Consecutive Home Wins 2003-05 New England Patriots
97%
Most Super Bowl Wins Pittsburgh Steelers
95%
2001- Tom Brady
90%
Most Quarterback Wins Total 2001- Tom Brady
90%
Most Games Won Dallas Cowboys
78%
Fewest Points Allowed (3 games) 1985-86 Chicago Bears
75%
Most Points Scored 1989 San Francisco 49ers
75%
Longest Active Playoff Drought 2000- Buffalo Bills
70%
Most Super Bowl MVP Awards 1979-94 Joe Montana
66%
Detroit Lions
65%
Highest Completion Percentage in a Game 2005 Peyton Manning
64%
Most Games Won by a Head Coach 1991- Bill Belichick
63%
Most Shutouts New York Giants
62%
Longest Losing Streak Cincinnati Bengals
59%
Most Penalties in a Game 1993 Los Angeles Raiders
58%
Most Games Lost Minnesota Vikings
57%
Highest Team Winning Percentage Baltimore Ravens
56%
Kansas City Chiefs
56%
Most Passes Intercepted (QB) 1991-10 Brett Favre
55%
Most Rushing Yards Total 1990-04 Emmitt Smith
55%
Most Touchdowns Scored Total 1985-06 Jerry Rice
54%
Most Points Allowed (2 games) 2009-10 Arizona Cardinals
53%
Longest Playoff Drought 1946-70 Washington Redskins
50%
Most Completions in a Game 2011 Drew Brees
47%
Most Field Goals Total 1996- Adam Vinatieri
45%
Most Rushing Yards in a Game 1985 Eric Dickerson
25%
Highest Average Punt Yardage 2009- Pat McAfee
6%
Most Fumbles in a Game 1993 Warren Moon
5%
Most Receptions in a Game 2011 Darren Sproles
3%
Most Sacks in a Game 2005 Willie McGinest
2%
No matching quizzes found
Score Distribution
Percent of People with Each Score
Percentile by Number Answered
Your Score History
You have not taken this quiz